Normal view
MARC view
- الحديث- مشكل الاسماء و الكنى والالقاب والانساب في الحديث- الحديث- اسناد
Entry Topical Term
001 - CONTROL NUMBER
- control field: 39836
003 - CONTROL NUMBER IDENTIFIER
- control field: JO-AjAnu
005 - DATE AND TIME OF LATEST TRANSACTION
- control field: 20230606080624.0
008 - FIXED-LENGTH DATA ELEMENTS
- fixed length control field: 230606|| aca||aabn | a|a d
040 ## - CATALOGING SOURCE
- Original cataloging agency: JO-AjAnu
- Transcribing agency: JO-AjAnu
150 ## - HEADING--TOPICAL TERM
- Topical term or geographic name entry element: الحديث- مشكل الاسماء و الكنى والالقاب والانساب في الحديث- الحديث- اسناد
670 ## - SOURCE DATA FOUND
- Source citation: Work cat.: (JO-AjAnu)20425: المقدسي، الحافظ محمد بن طاهر ، تحقيق باسم الجوابرة, author 39835, إيضاح الأشكال